<?xml version="1.0" encoding="UTF-8"?>
<record
    xmlns:xsi="http://www.w3.org/2001/XMLSchema-instance"
    xsi:schemaLocation="http://www.loc.gov/MARC21/slim http://www.loc.gov/standards/marcxml/schema/MARC21slim.xsd"
    xmlns="http://www.loc.gov/MARC21/slim">

  <leader>01331nam a2200265 i 4500</leader>
  <controlfield tag="003">CSPC</controlfield>
  <controlfield tag="005">20250602142756.0</controlfield>
  <controlfield tag="008">250522s2023    ph a     b    000 0 eng d</controlfield>
  <datafield tag="020" ind1=" " ind2=" ">
    <subfield code="a">9786218179097</subfield>
  </datafield>
  <datafield tag="040" ind1=" " ind2=" ">
    <subfield code="c">CSPC</subfield>
    <subfield code="a">CSPC</subfield>
    <subfield code="b">eng</subfield>
    <subfield code="e">rda</subfield>
  </datafield>
  <datafield tag="082" ind1="0" ind2="4">
    <subfield code="a">338.4791 </subfield>
    <subfield code="b">Y48m</subfield>
  </datafield>
  <datafield tag="100" ind1="1" ind2=" ">
    <subfield code="a">Yeung, Mylene A., </subfield>
    <subfield code="e">author.</subfield>
  </datafield>
  <datafield tag="245" ind1="1" ind2="0">
    <subfield code="a">Macro perspective of tourism and hospitality / </subfield>
    <subfield code="c">Mylene A. Yeung. </subfield>
  </datafield>
  <datafield tag="264" ind1=" " ind2="1">
    <subfield code="a">Manila : </subfield>
    <subfield code="b">EDRIC Publishing House, </subfield>
    <subfield code="c">2023.</subfield>
  </datafield>
  <datafield tag="300" ind1=" " ind2=" ">
    <subfield code="a">116 pages : </subfield>
    <subfield code="b">illustrations ; </subfield>
    <subfield code="c">25 cm. </subfield>
  </datafield>
  <datafield tag="336" ind1=" " ind2=" ">
    <subfield code="a">text</subfield>
    <subfield code="2">rdacontent</subfield>
  </datafield>
  <datafield tag="337" ind1=" " ind2=" ">
    <subfield code="a">unmediated</subfield>
    <subfield code="2">rdamedia</subfield>
  </datafield>
  <datafield tag="338" ind1=" " ind2=" ">
    <subfield code="a">volume</subfield>
    <subfield code="2">rdacarrier</subfield>
  </datafield>
  <datafield tag="504" ind1=" " ind2=" ">
    <subfield code="a">Includes bibliographical references.</subfield>
  </datafield>
  <datafield tag="505" ind1="0" ind2=" ">
    <subfield code="a">Meaning and importance of tourism and hospitality -- History of tourism and hospitality -- Economics of tourism and hospitality -- Tourism and hospitality network and supply components -- Tourism and hospitality organizations -- Impacts of tourism and hospitality -- Trends and issues in the tourism and hospitality industry -- Future world tourism and hospitality issues -- Sustainable management of tourism and hospitality. </subfield>
  </datafield>
  <datafield tag="650" ind1=" " ind2="4">
    <subfield code="a">Tourist trade travel.</subfield>
  </datafield>
  <datafield tag="650" ind1=" " ind2="4">
    <subfield code="a">Entertaining.</subfield>
  </datafield>
  <datafield tag="942" ind1=" " ind2=" ">
    <subfield code="2">ddc</subfield>
    <subfield code="n">0</subfield>
    <subfield code="c">BK</subfield>
    <subfield code="h">338.4791 </subfield>
    <subfield code="i">Y48m</subfield>
    <subfield code="k">FIL</subfield>
    <subfield code="m">2023</subfield>
  </datafield>
  <datafield tag="952" ind1=" " ind2=" ">
    <subfield code="0">0</subfield>
    <subfield code="1">0</subfield>
    <subfield code="2">ddc</subfield>
    <subfield code="4">0</subfield>
    <subfield code="7">0</subfield>
    <subfield code="a">CSPC</subfield>
    <subfield code="b">CSPC</subfield>
    <subfield code="c">FIL</subfield>
    <subfield code="d">2025-05-22</subfield>
    <subfield code="l">0</subfield>
    <subfield code="o">FIL 338.4791  Y48 2023</subfield>
    <subfield code="p">029644</subfield>
    <subfield code="r">2025-05-22 16:13:29</subfield>
    <subfield code="t">1-2</subfield>
    <subfield code="w">2025-05-22</subfield>
    <subfield code="y">BK</subfield>
  </datafield>
  <datafield tag="952" ind1=" " ind2=" ">
    <subfield code="0">0</subfield>
    <subfield code="1">0</subfield>
    <subfield code="2">ddc</subfield>
    <subfield code="4">0</subfield>
    <subfield code="7">0</subfield>
    <subfield code="a">CSPC</subfield>
    <subfield code="b">CSPC</subfield>
    <subfield code="c">FIL</subfield>
    <subfield code="d">2025-05-22</subfield>
    <subfield code="l">0</subfield>
    <subfield code="o">FIL 338.4791  Y48 2023</subfield>
    <subfield code="p">029645</subfield>
    <subfield code="r">2025-05-22 16:13:29</subfield>
    <subfield code="t">2-2</subfield>
    <subfield code="w">2025-05-22</subfield>
    <subfield code="y">BK</subfield>
  </datafield>
  <datafield tag="999" ind1=" " ind2=" ">
    <subfield code="c">29669</subfield>
    <subfield code="d">29669</subfield>
  </datafield>
</record>
